000 01237cam7a220025300 4500
001 qcf00355467
005 20190826102402.0
008 790406s1954 be ab 000 0 fre d
035 _a(Sirsi) r105073
035 _a(QCAT)lss02293018
035 _a(UPRA)qcf00355467
040 _dUPRA
100 1 _aCuvelier, Jean, 1882-
_dCuvelier, Jean, 1882-
_6A62071.1
245 1 2 _aL'ancien Congo d'apres les archives romaines, 1518-1640 /
_cPar J. Cuvelier et L. Jadin.
260 _a[Gembloux :
_bEditions J. Duculot],
_c1954.
490 1 _aAcademie royale des sciences coloniales. Section des sciences morales et politiques. Memoires. Collection in-8o ;
_vt. XXXVI, fasc. 2. Serie historique
500 _aIncludes index.
500 _aTitle from cover.
651 0 _aZaire -- History -- To 1908.
_xZaire -- History -- To 1908.
_yZaire -- History -- To 1908.
_6S4152.1
700 1 _aJadin, Louis.
_6A62072.1
830 0 _aMemoires. Collection in-8o (Institut royale colonial belge. Section des sciences morales et politiques) ;
_pMemoires. Collection in-8o (Institut royale colonial belge. Section des sciences morales et politiques) ;
_vt. 36, fasc. 2.
_6S9904.1
949 _aDT1.A2
_wlcc
_i-149258
_mMAIN
_tBOOK
_lON-SHELF
004 105073
999 _c164234
_d164234